000 01147cam a2200301 a 4500
005 20260322212058.0
008 data
010 _a 2011041519
020 _a9780446583961
040 _aDLC
_cDLC
043 _an-us-oh
_an-us-oh
050 0 0 _aGV959.5
_b.P76 2012
082 0 0 _a796.332/64
_223
092 _a796.33 Pro 2012
245 0 4 _aThe Pro Football Hall of Fame 50th anniversary book :
_bwhere greatness lives /
_cedited by John Thorn & Joe Horrigan.
260 _aNew York :
_bGrand Central Pub.,
_cc2012.
300 _axix, 295 p. :
_bcol. ill. ;
_c29 cm.
500 _aIncludes index.
610 2 0 _aPro Football Hall of Fame (U.S.)
650 0 _aFootball
_zUnited States
_xHistory.
650 0 _aFootball players
_zUnited States
_vBiography.
700 1 _aThorn, John,
_d1947-
700 1 _aHorrigan, Joe.
906 _a7
_bcbc
_corignew
_d1
_eecip
_f20
_gy-gencatlg
925 0 _aacquire
_b2 shelf copies
_xpolicy default
_eclaim1 2012-11-27
955 _ere12 2011-10-20 telework to Dewey
_wrd62 2011-10-20 (Dewey) to CIP
_fxj04 2013-04-08 to CALM
001 data
999 _c1399
_d1399